[Event "Belovo"]
[Site "Belovo"]
[Date "2006.??.??"]
[Round "?"]
[White "Tcherbakov, Sergei"]
[Black "Obuhov, Oleg"]
[Result "1-0"]
[WhiteElo "2279"]
[BlackElo "2259"]
[PlyCount "133"]
[EventDate "2006.??.??"]
[EventType "tourn"]
[EventRounds "16"]
[EventCountry "RUS"]
[SourceTitle "EXT 2008"]
[Source "ChessBase"]
[SourceDate "2007.11.25"]
[SourceVersion "1"]
[SourceVersionDate "2007.11.25"]
[SourceQuality "1"]

1. Nf3 c5 2. c4 Nf6 3. g3 b6 4. Bg2 Bb7 5. 0-0 g6 6. Nc3 Bg7 7. d4 cxd4 8. Qxd4 0-0 9. Qd3 d6 10. Be3 Nbd7 11. Qd2 Rc8 12. b3 a6 13. Rac1 Re8 14. Bh3 Rb8 15. Rfd1 Nc5 16. Nd4 Nfe4 17. Nxe4 Nxe4 18. Qc2 Qc7 19. f3 Nf6 20. Qd2 Bc8 21. Bg2 Bd7 22. Bf2 Rec8 23. e4 Qd8 24. Bf1 Ne8 25. Be3 Nc7 26. Ne2 f5 27. exf5 Bxf5 28. Nd4 Bd7 29. Bg2 Ne6 30. Nxe6 Bxe6 31. Re1 Bf7 32. Bg5 Rc7 33. Qe3 Bf6 34. Bxf6 exf6 35. Rcd1 b5 36. cxb5 Rxb5 37. Bf1 Rbc5 38. Bxa6 d5 39. Bf1 Kg7 40. Qd4 Qa8 41. a4 Rc3 42. Re3 Rc2 43. Bd3 R2c3 44. Bf1 Rc2 45. Ra1 Rc1 46. Re1 R1c3 47. b4 Rxf3 48. Be2 Rb3 49. Rf1 Qd8 50. b5 Rc2 51. Bd1 Rc4 52. Qxf6+ Qxf6 53. Rxf6 Rbb4 54. Rf2 Be8 55. Re2 Re4 56. Rxe4 dxe4 57. Be2 Kf6 58. a5 Bxb5 59. Bxb5 Rxb5 60. a6 Rb8 61. a7 Ra8 62. Kf2 Ke5 63. Ke3 Kd5 64. Ra6 Kc5 65. Kxe4 Kb5 66. Ra2 Kb6 67. Ke5 1-0